[Event "FRA-chT U20 0405"]
[Site "France"]
[Date "2004.11.20"]
[Round "1.4"]
[White "Blanchot, Gwenael"]
[Black "Chanoine, Arnaud"]
[Result "1-0"]
[WhiteElo "1870"]
[BlackElo "1720"]
[PlyCount "67"]
[EventDate "2004.11.20"]
[EventType "team"]
[EventRounds "11"]
[EventCountry "FRA"]
[SourceTitle "CBM 103 Extra"]
[Source "ChessBase"]
[SourceDate "2005.01.01"]
[SourceVersion "1"]
[SourceVersionDate "2005.01.01"]
[SourceQuality "1"]

1. e4 d6 2. d4 Nf6 3. Nc3 g6 4. f4 c6 5. Nf3 Nbd7 6. Be2 Bg7 7. 0-0 0-0 8. f5 b5 9. a3 Nb6 10. Bd3 Qc7 11. Bf4 Nh5 12. Qd2 Rb8 13. Bh6 Nc4 14. Bxc4 bxc4 15. g4 Nf6 16. Bxg7 Kxg7 17. Qf4 Rxb2 18. Rac1 Qa5 19. Ne2 Qxa3 20. Nd2 Qb4 21. e5 dxe5 22. dxe5 Nd7 23. f6+ exf6 24. exf6+ Kh8 25. Ne4 Qb7 26. Qh6 Rg8 27. Ng5 Nf8 28. h3 Qb6+ 29. Kg2 Qc7 30. Nd4 Ba6 31. Qh4 c5 32. Ndf3 Rb7 33. Nxh7 Nxh7 34. Ng5 1-0